000 00610cam a22002291 4500
001 sa 66005376
003 DLC
005 20260227112249.0
008 920721s1965 ii c 000 0 eng
010 _asa 66005376
025 _aPL480:I-E-5436
035 _a(OCoLC)26231388
040 _aDLC
_cCU
_dDLC
042 _apremarc
050 0 0 _aDS481.N35
_bJ34
245 0 0 _aJawaharlal Nehru souvenir.
_c[Chief ed.: Satish Chander.
260 _aDelhi,
_c1965?]
300 _a242 p.
_bports.
_c26 cm.
500 _aCover title.
600 1 0 _aNehru, Jawaharlal,
_d1889-1964.
700 1 _aChander, Satish,
_eed.
999 _c69918
_d69918